[Event "Championnat de France - Open A"]
[Site "Pau"]
[Date "2008.08.16"]
[Round "5.50"]
[White "Pradere, Anthony"]
[Black "Le Bail, Clara"]
[Result "0-1"]
[WhiteElo "1930"]
[BlackElo "2035"]
[PlyCount "64"]

1. e4 e6 2. d4 d5 3. Nc3 Bb4 4. e5 c5 5. a3 Bxc3+ 6. bxc3 Ne7 7. Nf3 Qa5 8. Qd2
b6 9. Bd3 Ba6 10. O-O Nd7 11. Bxa6 Qxa6 12. Qg5 Nf5 13. Re1 h6 14. Qd2 Qa4 15.
g4 Ne7 16. Re2 Rc8 17. Qd3 cxd4 18. cxd4 Qc4 19. Ne1 h5 20. h3 Ng6 21. f3 Nb8
22. Rb1 Qxd3 23. Nxd3 Rc4 24. Be3 Nc6 25. Nb2 Rc3 26. Ra1 hxg4 27. hxg4 Nh4 28.
Nd1 Nxf3+ 29. Kg2 Rh2+ 30. Kg3 Rxe2 31. Kxf3 Nxd4+ 32. Kf4 Rcxe3 0-1

[Event "Championnat de France - Open A"]
[Site "Pau"]
[Date "2008.08.16"]
[Round "5.51"]
[White "Neri, Jean-Baptiste"]
[Black "Garrel, Alain"]
[Result "1/2-1/2"]
[WhiteElo "1928"]
[BlackElo "2107"]
[PlyCount "40"]

1. e4 d5 2. exd5 Qxd5 3. Nc3 Qd6 4. d4 Nf6 5. Nf3 a6 6. g3 b5 7. Bg2 Bb7 8. O-O
e6 9. Bf4 Qb6 10. Be3 Nd5 11. Nxd5 Bxd5 12. a4 Qb7 13. Ne1 Bd6 14. Bxd5 Qxd5
15. axb5 axb5 16. Rxa8 Qxa8 17. Qg4 Kf8 18. Qg5 Qc6 19. Qd8+ Qe8 20. Qxe8+ Kxe8
1/2-1/2

[Event "Championnat de France - Open A"]
[Site "Pau"]
[Date "2008.08.16"]
[Round "5.52"]
[White "Lambert, Thierry"]
[Black "Gaubil, Olivier"]
[Result "0-1"]
[WhiteElo "2000"]
[BlackElo "2154"]
[PlyCount "142"]

1. d4 Nf6 2. c4 g6 3. Nc3 Bg7 4. e4 d6 5. Nf3 O-O 6. Be2 e5 7. O-O Nc6 8. d5
Ne7 9. b4 Nh5 10. Re1 a5 11. b5 b6 12. Bb2 h6 13. Nd2 Nf4 14. Bf1 f5 15. g3 Nh5
16. Bh3 f4 17. Bxc8 Qxc8 18. g4 f3 19. h3 Nf4 20. Kh2 Nd3 21. Rg1 Bf6 22. Kg3
Bg5 23. Nxf3 Rxf3+ 24. Qxf3 Nxb2 25. Qe2 Qf8 26. Qxb2 Qf4+ 27. Kg2 Rf8 28. Qe2
Qf6 29. Rad1 Bf4 30. Kf1 Qh4 31. Rd3 g5 32. Rf3 Ng6 33. Nd1 h5 34. gxh5 Qxh5
35. Ne3 Kh7 36. Nf5 Nh4 37. Rxf4 Qxe2+ 38. Kxe2 exf4 39. Rxg5 Ng6 40. Kd3 Ne5+
41. Kc3 Rf7 42. h4 Kh8 43. h5 Rh7 44. h6 f3 45. Kd4 Rf7 46. Ne3 Kh7 47. Ng4
Nxg4 48. Rxg4 Kxh6 49. Ke3 Kh5 50. Rf4 Rh7 51. Rxf3 Kg6 52. Rg3+ Kf6 53. f4 Rh2
54. a3 Rh4 55. Kf3 Rh1 56. Ke3 Rh4 57. Rf3 Kg6 58. Kd4 Kf6 59. f5 Rh1 60. Rg3
Rd1+ 61. Rd3 Ra1 62. Rg3 Rd1+ 63. Kc3 Ra1 64. Kb3 Re1 65. Rg6+ Ke5 66. Rg7 Kd4
67. Rxc7 Rxe4 68. f6 Rf4 69. f7 Rf3+ 70. Ka4 Kc3 71. Rc6 Kb2 0-1

[Event "Championnat de France - Open A"]
[Site "Pau"]
[Date "2008.08.16"]
[Round "5.53"]
[White "Duchateau, Thomas"]
[Black "Cao, Philippe"]
[Result "1-0"]
[WhiteElo "2088"]
[BlackElo "1991"]
[PlyCount "75"]

1. d4 d5 2. c4 c6 3. Nf3 Nf6 4. Nc3 e6 5. Bg5 Nbd7 6. cxd5 exd5 7. e3 Be7 8.
Bd3 O-O 9. Qc2 Re8 10. Bf4 Nf8 11. h3 Ne6 12. Bh2 Bd7 13. g4 g6 14. O-O-O b5
15. Kb1 b4 16. Na4 Rc8 17. Ba6 Qa5 18. Bxc8 Rxc8 19. Ne5 Be8 20. Nd3 Ne4 21. f3
N4g5 22. Rde1 f6 23. h4 Nf7 24. Rc1 Nd6 25. Bxd6 Bxd6 26. Nac5 Nxc5 27. Nxc5
Qc7 28. f4 Qe7 29. Qd3 Bf7 30. Qa6 Rc7 31. Rhe1 Qd8 32. Qa5 Qc8 33. Na6 Rb7 34.
Ka1 Kg7 35. g5 Be8 36. Qxd5 Be7 37. Qe4 Qd8 38. Nc5 1-0

[Event "Championnat de France - Open A"]
[Site "Pau"]
[Date "2008.08.16"]
[Round "5.54"]
[White "Vignier, Pascal"]
[Black "Budin, Florent"]
[Result "0-1"]
[WhiteElo "2068"]
[BlackElo "1973"]
[PlyCount "94"]

1. e4 e6 2. d4 d5 3. Nd2 Nf6 4. e5 Nfd7 5. f4 c5 6. Ngf3 Nc6 7. c3 cxd4 8. Nxd4
Nxd4 9. cxd4 f6 10. Bd3 f5 11. O-O g6 12. Nf3 Bg7 13. Bd2 Qb6 14. b4 O-O 15. a4
Qd8 16. a5 a6 17. Rc1 Nb8 18. Qb3 Nc6 19. Rc2 Bd7 20. Rfc1 Na7 21. Ng5 h6 22.
Nf3 Bb5 23. Be1 Bxd3 24. Qxd3 Nb5 25. h3 Qd7 26. Nh4 g5 27. fxg5 hxg5 28. Nf3
Bh6 29. Bd2 Qg7 30. Qe3 Kh8 31. Nh2 Rg8 32. Kh1 Raf8 33. Rg1 f4 34. Qf2 Qh7 35.
Bc1 g4 36. Qh4 Qxc2 37. Qxh6+ Qh7 38. Qxe6 Nxd4 39. Qxd5 Ne2 40. Re1 Ng3+ 41.
Kg1 f3 42. Be3 Ne2+ 43. Kf1 Qc2 44. gxf3 gxf3 45. Nxf3 Ng3+ 46. Kg1 Ne4+ 47.
Ng5 Rxg5+ 0-1

[Event "Championnat de France - Open A"]
[Site "Pau"]
[Date "2008.08.16"]
[Round "5.55"]
[White "Bornhauser, Eric"]
[Black "Daspres, Loic"]
[Result "0-1"]
[WhiteElo "1985"]
[BlackElo "2060"]
[PlyCount "114"]

1. e4 c5 2. Nf3 d6 3. d4 cxd4 4. Nxd4 Nf6 5. Nc3 a6 6. Bc4 e6 7. Bb3 Nbd7 8. f4
Qc7 9. Qe2 Nc5 10. e5 Nxb3 11. cxb3 Nd7 12. Nf3 b5 13. O-O g6 14. exd6 Bxd6 15.
Ne4 Be7 16. Be3 Bb7 17. Rac1 Qa5 18. Bd4 O-O 19. Neg5 Bf6 20. Bxf6 Nxf6 21. Qe5
Ng4 22. Qc7 Qxc7 23. Rxc7 Bxf3 24. Rxf3 h6 25. Ne4 Rac8 26. Rfc3 Rxc7 27. Rxc7
Rd8 28. Rc1 Kg7 29. h3 Nf6 30. Nxf6 Kxf6 31. Rc6 Rd4 32. Rxa6 Rxf4 33. Rb6 Rb4
34. Rb7 e5 35. Kf2 Ke6 36. Ke3 f6 37. g3 Kf5 38. Rb8 Kg5 39. Rc8 h5 40. Kf3 h4
41. g4 Rf4+ 42. Kg2 Rd4 43. Rb8 Rd2+ 44. Kf3 Rxb2 45. Rxb5 Rxa2 46. b4 Ra3+ 47.
Kg2 Rb3 48. Rb8 e4 49. b5 Kf4 50. b6 Rb2+ 51. Kf1 Kf3 52. Ke1 e3 53. Rd8 Rxb6
54. Rd1 Rb2 55. Rc1 Rh2 56. Kd1 Rh1+ 57. Kc2 Rxc1+ 0-1

[Event "Championnat de France - Open A"]
[Site "Pau"]
[Date "2008.08.16"]
[Round "5.56"]
[White "Thon, Gabriel"]
[Black "Lamouille, Patrick"]
[Result "1-0"]
[WhiteElo "1985"]
[BlackElo "2052"]
[PlyCount "97"]

1. e4 g6 2. d4 Bg7 3. c3 d6 4. f4 e5 5. dxe5 dxe5 6. Qxd8+ Kxd8 7. Nf3 Nc6 8.
Bc4 Be6 9. Na3 a6 10. O-O Ke7 11. Be3 Rd8 12. Bxe6 Kxe6 13. Nc4 Nh6 14. fxe5 b5
15. Ncd2 Rd3 16. Bd4 Rd8 17. Nb3 Nxd4 18. Nfxd4+ Kxe5 19. Nc6+ Ke6 20. Nxd8+
Rxd8 21. Nc5+ Ke7 22. Nxa6 c6 23. Nb4 Rd6 24. Rad1 f5 25. Rxd6 Kxd6 26. exf5
Nxf5 27. Rd1+ Kc5 28. Rd7 Bd4+ 29. cxd4+ Kxb4 30. Rxh7 Nxd4 31. Rg7 c5 32. Rxg6
c4 33. h4 Ne2+ 34. Kf1 Nf4 35. Rg5 Nd3 36. Rg3 Nxb2 37. a3+ Ka4 38. h5 Nd3 39.
Rxd3 cxd3 40. Ke1 Kxa3 41. h6 b4 42. h7 b3 43. h8=Q b2 44. Qa8+ Kb3 45. Qd5+
Kc3 46. Qc5+ Kb3 47. Qb5+ Kc3 48. Kd1 d2 49. g4 1-0

[Event "Championnat de France - Open A"]
[Site "Pau"]
[Date "2008.08.16"]
[Round "5.57"]
[White "Jouneau, Quentin"]
[Black "Sauvadet, Herve"]
[Result "1/2-1/2"]
[WhiteElo "1978"]
[BlackElo "2041"]
[PlyCount "124"]

1. e4 e5 2. Nf3 Nc6 3. d4 exd4 4. c3 d5 5. exd5 Qxd5 6. cxd4 Bg4 7. Be2 O-O-O
8. Nc3 Bb4 9. Be3 Nf6 10. O-O Bxc3 11. bxc3 Ne4 12. Qc2 Rhe8 13. Rab1 f5 14.
Qb2 b6 15. Ba6+ Kb8 16. c4 Qd7 17. d5 Na5 18. Nd4 Nd6 19. c5 Ndc4 20. Qb4 Qxd5
21. Rbc1 Rxe3 22. Bxc4 Nxc4 23. cxb6 cxb6 24. fxe3 Nxe3 25. Nc6+ Ka8 26. Rf2
Rc8 27. Rd2 Rxc6 28. Rxc6 Qxc6 29. Qf8+ Kb7 30. Qe7+ Ka6 31. Qxe3 f4 32. Qxf4
Be6 33. h3 Qc5+ 34. Qf2 Qc1+ 35. Qf1+ Qxf1+ 36. Kxf1 Kb5 37. Ke1 Kb4 38. Kd1
Ka3 39. Kc2 Bxa2 40. Rd7 a5 41. g4 b5 42. Rxg7 b4 43. Rxh7 a4 44. Re7 Bc4 45.
Kb1 Bd3+ 46. Ka1 Kb3 47. g5 a3 48. h4 Kc3 49. Rc7+ Kd4 50. Ka2 Bc4+ 51. Rxc4+
Kxc4 52. g6 b3+ 53. Kxa3 Kc3 54. g7 b2 55. g8=Q b1=Q 56. Qg7+ Kc4 57. Qc7+ Kd5
58. Qd7+ Ke5 59. Qe7+ Kd5 60. Qg5+ Kc4 61. Qg4+ Kd5 62. Qg2+ Ke5 1/2-1/2

[Event "Championnat de France - Open A"]
[Site "Pau"]
[Date "2008.08.16"]
[Round "5.58"]
[White "Batteux, Mickael"]
[Black "Hurpeau, Jean-Marc"]
[Result "1/2-1/2"]
[WhiteElo "2030"]
[BlackElo "1966"]
[PlyCount "63"]

1. d4 Nf6 2. Nf3 g6 3. Nc3 d5 4. Bf4 Bg7 5. e3 c6 6. Qd2 Nbd7 7. h3 O-O 8. Be2
Re8 9. Ne5 Nf8 10. g4 N6d7 11. O-O-O f6 12. Nxd7 Nxd7 13. e4 Qa5 14. exd5 Nb6
15. Bc7 Bd7 16. dxc6 bxc6 17. Bxb6 axb6 18. Bc4+ Kh8 19. Ne2 Qxd2+ 20. Rxd2
Rad8 21. f4 e5 22. dxe5 fxe5 23. Rhd1 b5 24. Rxd7 Rxd7 25. Rxd7 bxc4 26. fxe5
Bh6+ 27. Kd1 Rxe5 28. h4 Be3 29. Nd4 Re4 30. Nxc6 Rxg4 31. Ke2 Bc1 32. Rd4
1/2-1/2

[Event "Championnat de France - Open A"]
[Site "Pau"]
[Date "2008.08.16"]
[Round "5.59"]
[White "Gretry, Patrice"]
[Black "Chizelle, Bernard"]
[Result "1-0"]
[WhiteElo "2029"]
[BlackElo "1960"]
[PlyCount "71"]

1. Nf3 Nf6 2. c4 g6 3. b3 Bg7 4. Bb2 c6 5. g3 d5 6. Bg2 O-O 7. d3 dxc4 8. bxc4
Qb6 9. Bc3 Ng4 10. O-O Bh6 11. Nbd2 Nd7 12. Rb1 Qc7 13. Qb3 Nc5 14. Qa3 Ne6 15.
Ba5 b6 16. Bxb6 axb6 17. Qxa8 f5 18. Qa3 f4 19. Ne4 fxg3 20. hxg3 Rf5 21. Qb2
Nxf2 22. Kxf2 Bg7 23. Qb4 b5 24. e3 Bh6 25. Ke2 Bd7 26. cxb5 cxb5 27. Nd4 Re5
28. Qb3 Qb6 29. Bh3 Kh8 30. Bxe6 Bxe6 31. Qb2 Kg8 32. a4 Bg4+ 33. Kd2 Rd5 34.
Rf4 Rxd4 35. Qxd4 Qxd4 36. exd4 1-0

[Event "Championnat de France - Open A"]
[Site "Pau"]
[Date "2008.08.16"]
[Round "5.60"]
[White "Robert, Bastien"]
[Black "Durandeau, Jean-Marie"]
[Result "1-0"]
[WhiteElo "2018"]
[BlackElo "1956"]
[PlyCount "71"]

1. d4 Nf6 2. c4 g6 3. Nc3 Bg7 4. e4 d6 5. f3 Nc6 6. Bg5 O-O 7. Qd2 e5 8. d5 Nd4
9. Nge2 h6 10. Be3 Nxe2 11. Bxe2 Kh7 12. h4 Nh5 13. Bd3 Ng3 14. Rh2 f5 15. exf5
gxf5 16. Qf2 Nh5 17. g4 e4 18. Nxe4 fxe4 19. Bxe4+ Kh8 20. gxh5 Bf5 21. Bxf5
Rxf5 22. O-O-O Qf8 23. Rh3 Rf4 24. Bxf4 Qxf4+ 25. Qd2 Qxc4+ 26. Kb1 Re8 27. Rh2
Re5 28. Rc1 Qb5 29. Rxc7 Qf1+ 30. Rc1 Qxf3 31. Rc8+ Kh7 32. Qc2+ Rf5 33. a3
Qxh5 34. Rf2 Kg6 35. Rd8 Kf6 36. Rxd6+ 1-0

[Event "Championnat de France - Open A"]
[Site "Pau"]
[Date "2008.08.16"]
[Round "5.61"]
[White "Hodot, Yves"]
[Black "Lewertowski, Gabriel"]
[Result "1/2-1/2"]
[WhiteElo "1963"]
[BlackElo "2017"]
[PlyCount "108"]

1. e4 Nf6 2. e5 Nd5 3. Qf3 e6 4. c4 Nb6 5. Qg3 Nc6 6. Nf3 d5 7. c5 Nd7 8. d4 b6
9. cxb6 axb6 10. a3 Nb4 11. Kd1 c5 12. Nc3 Nc6 13. Bd3 Ba6 14. Bxa6 Rxa6 15.
Re1 Ne7 16. Bg5 Nf5 17. Qg4 Qc8 18. Nxd5 Qc6 19. Nc3 cxd4 20. Nxd4 Qc4 21. Ncb5
Nxd4 22. Nxd4 Bc5 23. Be3 O-O 24. Qe4 Nxe5 25. Qxe5 Qd3+ 26. Bd2 Bxd4 27. Qd6
Qb3+ 28. Ke2 Qc4+ 29. Kf3 Bxb2 30. Bb4 Raa8 31. Rad1 Qh4 32. g3 Qf6+ 33. Kg2
Rfd8 34. Qc6 Bxa3 35. Bc3 Qe7 36. Qe4 Bc5 37. Qg4 f5 38. Qc4 Rxd1 39. Rxd1 Re8
40. Re1 Qf7 41. f4 Qb7+ 42. Kh3 Qc6 43. Ba1 Re7 44. Re5 Kf8 45. Bd4 Qe8 46.
Bxc5 bxc5 47. Rxc5 Qh5+ 48. Kg2 Rd7 49. Rc8+ Kf7 50. Rc7 Rxc7 51. Qxc7+ Kf8 52.
Qd6+ Kf7 53. Qd7+ Kf6 54. Qd8+ Kf7 1/2-1/2

[Event "Championnat de France - Open A"]
[Site "Pau"]
[Date "2008.08.16"]
[Round "5.62"]
[White "Le Montagner, Yoann"]
[Black "Muratet, Lucas"]
[Result "0-1"]
[WhiteElo "2014"]
[BlackElo "1934"]
[PlyCount "58"]

1. e4 c5 2. Nf3 d6 3. d4 cxd4 4. Nxd4 Nf6 5. Nc3 a6 6. Be2 e6 7. O-O Be7 8. Kh1
Nc6 9. Be3 O-O 10. f4 Qc7 11. Qe1 Nxd4 12. Bxd4 e5 13. fxe5 dxe5 14. Qg3 Bd6
15. Be3 Ne8 16. Nd5 Qxc2 17. Bh6 Kh8 18. Rf6 Rg8 19. Rxd6 Qxe2 20. Ne7 Nxd6 21.
Nxg8 Ne8 22. Nf6 gxf6 23. Qa3 Nd6 24. Qxd6 Be6 25. Qe7 Qf2 26. Qb4 Bh3 27. Bg7+
Kxg7 28. gxh3 Qf3+ 29. Kg1 Kh8 0-1

[Event "Championnat de France - Open A"]
[Site "Pau"]
[Date "2008.08.15"]
[Round "5.63"]
[White "Fourcand, Pierre"]
[Black "Baudon, Sebastien"]
[Result "1/2-1/2"]
[WhiteElo "1933"]
[BlackElo "2009"]
[PlyCount "96"]

1. d4 Nf6 2. Nf3 e6 3. g3 b6 4. Bg2 Bb7 5. c4 c5 6. d5 exd5 7. Nh4 g6 8. Nc3
Bg7 9. O-O h6 10. Nxd5 Nxd5 11. Bxd5 Qc8 12. Qd3 Bxd5 13. Qxd5 Qc6 14. Rd1 Ke7
15. Qd3 Na6 16. a3 Nc7 17. Ra2 a5 18. b3 Ne6 19. Rad2 Ra7 20. Bb2 Bxb2 21. Rxb2
Re8 22. a4 Kd8 23. Nf3 Ng5 24. Nxg5 hxg5 25. Qd5 Qf6 26. Rbd2 g4 27. f3 gxf3
28. Qxf3 Re6 29. Qd3 Ke7 30. e4 Qe5 31. Re2 Rc7 32. Qe3 f5 33. Rdd2 Qa1+ 34.
Re1 Qf6 35. Qf4 d6 36. Rf1 Rxe4 37. Qxe4+ fxe4 38. Rxf6 Kxf6 39. Rxd6+ Kf5 40.
Rxb6 Rd7 41. Rb5 e3 42. Rxc5+ Ke4 43. Kf1 Rd1+ 44. Ke2 Rd2+ 45. Ke1 Rxh2 46.
Rc6 Rh1+ 47. Ke2 Rh2+ 48. Ke1 Rh1+ 1/2-1/2

[Event "Championnat de France - Open A"]
[Site "Pau"]
[Date "2008.08.16"]
[Round "5.64"]
[White "Guilbert, Jean-Louis"]
[Black "Peyre, Thomas"]
[Result "1-0"]
[WhiteElo "2003"]
[BlackElo "1922"]
[PlyCount "83"]

1. d4 Nf6 2. c4 e6 3. Nc3 Bb4 4. f3 d5 5. e3 O-O 6. a3 Bxc3+ 7. bxc3 b6 8. Bd3
Bb7 9. Ne2 Nbd7 10. O-O Qe7 11. cxd5 exd5 12. Ng3 g6 13. a4 c5 14. Qe2 Rfe8 15.
Bd2 h5 16. Nh1 Kg7 17. Nf2 Nf8 18. Rfe1 Ne6 19. Nh3 Bc6 20. Bb5 Nd8 21. Nf4
Bxb5 22. Qxb5 Nb7 23. Qd3 Rad8 24. Nh3 c4 25. Qc2 Na5 26. Nf2 Nb3 27. Ra2 Qb7
28. Qb1 Re6 29. e4 Rde8 30. e5 Nd7 31. f4 Rc6 32. Nh3 Nf8 33. Rf1 Nh7 34. f5
Nxd2 35. Rxd2 a6 36. Nf4 Qd7 37. e6 fxe6 38. f6+ Kg8 39. Qxg6+ Kf8 40. Qh6+ Kg8
41. Ng6 Rc7 42. Ne5 1-0

[Event "Championnat de France - Open A"]
[Site "Pau"]
[Date "2008.08.16"]
[Round "5.65"]
[White "Coustance, Kevin"]
[Black "Deschler, Fabrice"]
[Result "1-0"]
[WhiteElo "2034"]
[BlackElo "2141"]
[PlyCount "59"]

1. e4 c5 2. Nf3 Nc6 3. Bb5 g6 4. Bxc6 dxc6 5. d3 Bg7 6. h3 Nh6 7. Nc3 b6 8. O-O
f6 9. e5 O-O 10. exf6 exf6 11. Bf4 Nf5 12. Ne4 Ba6 13. Re1 Re8 14. Qd2 Nd4 15.
Nxd4 Qxd4 16. Nd6 Red8 17. Re4 Qxb2 18. Rae1 g5 19. Bg3 c4 20. Qe2 cxd3 21. Qh5
Rf8 22. Re7 f5 23. Be5 Qxe5 24. R1xe5 dxc2 25. Rxg7+ Kxg7 26. Qxg5+ Kh8 27. Re7
c1=Q+ 28. Qxc1 Rf6 29. Qc3 Raf8 30. Ne8 1-0

[Event "Championnat de France - Open A"]
[Site "Pau"]
[Date "2008.08.16"]
[Round "5.66"]
[White "Jactel, Nicolas"]
[Black "Armand, Jerome"]
[Result "1-0"]
[WhiteElo "2141"]
[BlackElo "2020"]
[PlyCount "77"]

1. e4 g6 2. d4 d6 3. Nc3 Bg7 4. Be3 Nf6 5. Qd2 O-O 6. f3 e5 7. Nge2 exd4 8.
Nxd4 Nc6 9. O-O-O Nxd4 10. Bxd4 Be6 11. g4 c5 12. Be3 Qa5 13. Kb1 b5 14. Bh6 b4
15. Nd5 Nxd5 16. exd5 Bxd5 17. Qxd5 Bxh6 18. Bc4 Rad8 19. h4 Bg7 20. h5 Qc7 21.
hxg6 hxg6 22. Qg5 d5 23. Rxd5 Rxd5 24. Qxd5 Rd8 25. Qg5 Qd6 26. Qe3 Qf6 27. Qb3
a5 28. c3 Qxf3 29. Rf1 Qe4+ 30. Ka1 a4 31. Bxf7+ Kh8 32. Qxa4 Qg2 33. Rd1 Rxd1+
34. Qxd1 bxc3 35. Qd8+ Kh7 36. Bg8+ Kh8 37. Bd5+ Kh7 38. Bxg2 c2 39. Qd2 1-0

[Event "Championnat de France - Open A"]
[Site "Pau"]
[Date "2008.08.16"]
[Round "5.67"]
[White "Petitjean, Pierre"]
[Black "Licayan, Albert"]
[Result "1-0"]
[WhiteElo "2025"]
[BlackElo "2139"]
[PlyCount "143"]

1. g3 d5 2. Bg2 e5 3. d3 Nf6 4. a3 Bd6 5. c4 d4 6. Nf3 c5 7. O-O Nc6 8. Nfd2
Bf5 9. Ne4 Nxe4 10. Bxe4 Bxe4 11. dxe4 O-O 12. e3 Qd7 13. exd4 cxd4 14. Nd2 Kh8
15. b4 f5 16. Qh5 g6 17. Qe2 f4 18. f3 Qh3 19. Qg2 Qxg2+ 20. Kxg2 g5 21. g4 Kg7
22. c5 Bc7 23. Nc4 Rh8 24. Bd2 h5 25. h3 Rh6 26. b5 Ne7 27. Bb4 Kf6 28. a4 hxg4
29. hxg4 Rah8 30. Rh1 Rxh1 31. Rxh1 Rxh1 32. Kxh1 Ke6 33. Kg2 Ng6 34. Kf2 Kd7
35. Ke2 Nh4 36. Nd2 Ng2 37. Nc4 Nh4 38. Be1 Ng6 39. Kd3 Nf8 40. b6 axb6 41.
cxb6 Bb8 42. Na5 Kc8 43. Kc4 Ng6 44. Nb3 Bd6 45. Kd5 Kd7 46. Na5 Ne7+ 47. Kc4
Kc8 48. Kb5 Ng6 49. Nc4 Bb8 50. Bb4 Nh4 51. Nd2 Kd7 52. a5 Ng6 53. Ba3 Nh4 54.
a6 bxa6+ 55. Kxa6 Kc6 56. Be7 Ng6 57. Bxg5 Kc5 58. Kb7 Bd6 59. Bd8 Kb4 60. Bc7
Bxc7 61. Kxc7 Kc3 62. Nf1 d3 63. b7 d2 64. Nxd2 Kxd2 65. b8=Q Ke2 66. Qe8 Nh4
67. Qxe5 Kxf3 68. Qh5 Kg3 69. g5 f3 70. g6 f2 71. g7 f1=Q 72. g8=Q+ 1-0

[Event "Championnat de France - Open A"]
[Site "Pau"]
[Date "2008.08.16"]
[Round "5.68"]
[White "Zeller, Olivier"]
[Black "Lachique, Francois"]
[Result "0-1"]
[WhiteElo "2011"]
[BlackElo "2104"]
[PlyCount "118"]

1. e4 e5 2. Nf3 Nc6 3. Bc4 Bc5 4. d3 Nf6 5. Nbd2 d6 6. c3 a6 7. a4 Ba7 8. Qe2
O-O 9. O-O Ne7 10. Bb3 Ng6 11. Nc4 Re8 12. Be3 h6 13. Bxa7 Rxa7 14. Ne3 Nh5 15.
Nf5 Nhf4 16. Qe3 Ra8 17. g3 Nh3+ 18. Kg2 Ng5 19. h4 Ne6 20. Rh1 Qf6 21. Rag1
Nc5 22. Bc2 Bxf5 23. exf5 Qxf5 24. h5 Nf8 25. Ne1 Qf6 26. Kf1 Nce6 27. g4 Ng5
28. Rg3 d5 29. Nf3 d4 30. Qe2 Qf4 31. Bb3 dxc3 32. bxc3 Qc1+ 33. Qe1 Qxe1+ 34.
Kxe1 Nfh7 35. Kd2 Rad8 36. Re1 Nf6 37. Nxg5 hxg5 38. Ke3 Rd6 39. f3 Red8 40.
Bc2 Nd5+ 41. Kd2 f6 42. Rgg1 Nf4 43. Re3 Rb6 44. Rb1 Rdd6 45. Rxb6 Rxb6 46. Re4
Kf7 47. Rc4 Ne6 48. d4 exd4 49. cxd4 Ke7 50. Kc3 Kd6 51. Bf5 Nf4 52. Be4 c6 53.
Rc5 Nd5+ 54. Bxd5 cxd5 55. a5 Rc6 56. Rxc6+ Kxc6 57. Kb4 b6 58. Ka4 bxa5 59.
Kxa5 Kb7 0-1

[Event "Championnat de France - Open A"]
[Site "Pau"]
[Date "2008.08.16"]
[Round "5.69"]
[White "Jacquot, David"]
[Black "Cruz, Manuel"]
[Result "1-0"]
[WhiteElo "2087"]
[BlackElo "2001"]
[PlyCount "71"]

1. d4 d6 2. Nf3 Nf6 3. Bg5 Nbd7 4. Nbd2 g6 5. e3 Bg7 6. Bc4 c6 7. c3 O-O 8. Qe2
h6 9. Bh4 a6 10. a4 c5 11. O-O d5 12. Bd3 g5 13. Bg3 Nh5 14. Be5 Nhf6 15. h3 b6
16. Bg3 Nh7 17. c4 Bb7 18. cxd5 cxd4 19. Nxd4 Bxd4 20. exd4 Ndf6 21. Be5 Qxd5
22. f4 Rfe8 23. Rac1 Bc6 24. Bxa6 Rxa6 25. Rxc6 Qxc6 26. Qxa6 Nd5 27. fxg5 Nxg5
28. Qd3 Qe6 29. Qg3 Qg6 30. h4 Ne6 31. Qb3 Nec7 32. Rf3 Qh5 33. Rg3+ Kf8 34.
Bg7+ Kg8 35. Qd3 Ne6 36. Be5+ 1-0

[Event "Championnat de France - Open A"]
[Site "Pau"]
[Date "2008.08.16"]
[Round "5.70"]
[White "Brih, Touatia"]
[Black "Brunstein, Sandrine"]
[Result "1/2-1/2"]
[WhiteElo "1934"]
[BlackElo "2049"]
[PlyCount "153"]

1. Nf3 e6 2. c4 d5 3. d4 f5 4. g3 c6 5. b3 Nf6 6. Bg2 Bd6 7. O-O Qe7 8. a4 a5
9. Ba3 Bxa3 10. Nxa3 O-O 11. Nc2 Bd7 12. Nce1 Be8 13. Nd3 Nbd7 14. Nfe5 Nxe5
15. Nxe5 Bh5 16. Qc2 Ng4 17. Nxg4 Bxg4 18. Rab1 f4 19. Qd2 Qb4 20. Qxb4 axb4
21. f3 Bf5 22. Rbc1 g5 23. Rfe1 Rad8 24. Kf2 Rf6 25. cxd5 exd5 26. e4 dxe4 27.
fxe4 Be6 28. d5 cxd5 29. exd5 Bxd5 30. Bxd5+ Rxd5 31. Re7 fxg3+ 32. Kxg3 Rf7
33. Rxf7 Kxf7 34. Rc7+ Kg6 35. Rxb7 Rd3+ 36. Kg2 Rxb3 37. a5 Rb2+ 38. Kg3 Ra2
39. Rxb4 Rxa5 40. h4 Ra3+ 41. Kg2 h6 42. hxg5 hxg5 43. Rb8 Kh5 44. Rh8+ Kg4 45.
Rg8 Ra2+ 46. Kg1 Kh4 47. Rg7 g4 48. Rg8 Kg3 49. Kf1 Rf2+ 50. Kg1 Rf4 51. Rg7
Ra4 52. Kf1 Ra1+ 53. Ke2 Kh3 54. Kf2 Ra2+ 55. Kg1 Kg3 56. Kf1 Ra5 57. Rg8 Rf5+
58. Kg1 Kf3 59. Rg7 Rb5 60. Rg8 Rb4 61. Rg7 Rf4 62. Rg8 Kg3 63. Rg7 Rc4 64. Kf1
Rc1+ 65. Ke2 Kh3 66. Kf2 Rc2+ 67. Kg1 Rc5 68. Rg8 Rh5 69. Rg7 g3 70. Rg8 Rh4
71. Rg7 Ra4 72. Rh7+ Kg4 73. Rg7+ Kf3 74. Rf7+ Rf4 75. Rxf4+ Kxf4 76. Kg2 Kg4
77. Kg1 1/2-1/2

[Event "Championnat de France - Open A"]
[Site "Pau"]
[Date "2008.08.16"]
[Round "5.71"]
[White "Noizat, Pierre"]
[Black "Bollard, Maxime"]
[Result "1/2-1/2"]
[WhiteElo "2045"]
[BlackElo "1980"]
[PlyCount "80"]

1. e4 c5 2. Nf3 e6 3. d3 Nc6 4. g3 g6 5. Bg2 Bg7 6. O-O d5 7. Nbd2 Nge7 8. Re1
b6 9. c3 d4 10. c4 e5 11. a3 O-O 12. h3 a6 13. Nf1 b5 14. b3 bxc4 15. bxc4 a5
16. Bd2 a4 17. Rb1 Bd7 18. Rb5 Na5 19. Rxc5 Nb3 20. Rxe5 Bxe5 21. Nxe5 Nc6 22.
Nxc6 Bxc6 23. Bb4 Re8 24. Nd2 Nxd2 25. Qxd2 Ra7 26. f4 Qa8 27. g4 f5 28. e5
Bxg2 29. Qxg2 Qxg2+ 30. Kxg2 Kf7 31. Kf3 Ke6 32. Rg1 Rb8 33. Rg2 Rab7 34. Rc2
Rc8 35. Rb2 Rcc7 36. Rc2 Rc6 37. Rg2 Rc8 38. Rc2 Rc6 39. c5 Kd5 40. Rc1 Rc8
1/2-1/2

[Event "Championnat de France - Open A"]
[Site "Pau"]
[Date "2008.08.16"]
[Round "5.72"]
[White "Auvray, Simon"]
[Black "Carre, Sylvain"]
[Result "0-1"]
[WhiteElo "1920"]
[BlackElo "2044"]
[PlyCount "52"]

1. e4 e5 2. Nf3 Nf6 3. Nxe5 d6 4. Nf3 Nxe4 5. d4 d5 6. Bd3 Bd6 7. O-O O-O 8. c4
c6 9. Nc3 Nxc3 10. bxc3 Bg4 11. h3 Bh5 12. Be3 Nd7 13. Rb1 b6 14. Be2 dxc4 15.
Bxc4 b5 16. Be2 Nb6 17. Qd2 Re8 18. Rfe1 Bc7 19. Bf4 Bxf4 20. Qxf4 Nd5 21. Qd2
Qd6 22. Ne5 Bxe2 23. Rxe2 f6 24. c4 fxe5 25. dxe5 Qg6 26. Rd1 bxc4 0-1

[Event "Championnat de France - Open A"]
[Site "Pau"]
[Date "2008.08.16"]
[Round "5.73"]
[White "Beaucoudray, Marc"]
[Black "Dube, Dimitri"]
[Result "1-0"]
[WhiteElo "2010"]
[BlackElo "2124"]
[PlyCount "65"]

1. e4 Nf6 2. e5 Nd5 3. c4 Nb6 4. d4 d6 5. exd6 cxd6 6. h3 g6 7. Nf3 Bg7 8. Nc3
O-O 9. Be3 Nc6 10. Be2 f5 11. Qd2 e5 12. dxe5 dxe5 13. Rd1 Be6 14. Nd5 Bxd5 15.
cxd5 Ne7 16. Bxb6 Qxb6 17. Bc4 Rac8 18. b3 Qd6 19. Ng5 Bh6 20. h4 Rfd8 21. Qe2
Qb4+ 22. Rd2 Rxd5 23. O-O Rxc4 24. Rxd5 Nxd5 25. bxc4 Nf4 26. Qxe5 Qxc4 27. Re1
b5 28. Qe7 Bg7 29. g3 h6 30. Qe8+ Bf8 31. gxf4 hxg5 32. Qxg6+ Kh8 33. Qf6+ 1-0

[Event "Championnat de France - Open A"]
[Site "Pau"]
[Date "2008.08.16"]
[Round "5.74"]
[White "Vaillant, Stephane"]
[Black "Hirt, Jean"]
[Result "1/2-1/2"]
[WhiteElo "2016"]
[BlackElo "2053"]
[PlyCount "22"]

1. d4 d5 2. Nf3 Nf6 3. c4 c6 4. Nc3 Bf5 5. Qb3 Qb6 6. c5 Qxb3 7. axb3 Na6 8.
Ra4 Bc2 9. e3 Bxb3 10. Ra3 Bc4 11. Bxc4 dxc4 1/2-1/2

[Event "Championnat de France - Open A"]
[Site "Pau"]
[Date "2008.08.16"]
[Round "5.75"]
[White "Moullier, Igor"]
[Black "Zaninetti, Laurent"]
[Result "1/2-1/2"]
[WhiteElo "2041"]
[BlackElo "2013"]
[PlyCount "46"]

1. d4 c6 2. c4 d5 3. Nc3 Nf6 4. Nf3 dxc4 5. a4 Bg4 6. Ne5 Nbd7 7. Nxg4 Nxg4 8.
e3 Ngf6 9. Bxc4 e6 10. O-O Bb4 11. Qb3 Qb6 12. Rd1 O-O 13. Bd2 Rad8 14. Ne2 Bd6
15. Bxe6 Bxh2+ 16. Kxh2 fxe6 17. Qxe6+ Kh8 18. Bc3 Qc7+ 19. Kg1 Rde8 20. Qh3
Nd5 21. Qg3 Qd8 22. Nf4 Nxf4 23. exf4 Nf6 1/2-1/2

[Event "Championnat de France - Open A"]
[Site "Pau"]
[Date "2008.08.16"]
[Round "5.76"]
[White "Gras, Delphine"]
[Black "Busson, Benoist"]
[Result "1-0"]
[WhiteElo "1993"]
[BlackElo "2028"]
[PlyCount "101"]

1. e4 d5 2. exd5 Qxd5 3. Nc3 Qd6 4. Bc4 Nf6 5. d3 c6 6. Nge2 Bg4 7. Bf4 Qxf4 8.
Nxf4 Bxd1 9. Rxd1 e6 10. O-O Nbd7 11. Rfe1 O-O-O 12. Ne4 h6 13. c3 Nxe4 14.
dxe4 Be7 15. e5 Nb6 16. Bb3 Rxd1 17. Rxd1 Rd8 18. Rxd8+ Kxd8 19. Kf1 Bg5 20.
Nd3 Be7 21. f4 a5 22. Ke2 c5 23. Nf2 a4 24. Bc2 a3 25. bxa3 c4 26. Be4 Kc7 27.
Nd1 Bxa3 28. Ne3 Bc1 29. g3 Bxe3 30. Kxe3 Na4 31. Kd4 b5 32. Bc2 Nb6 33. Kc5
Nd5 34. Kxb5 Nxc3+ 35. Kxc4 Nxa2 36. Ba4 Kd8 37. Bb5 Kc7 38. Kb3 Kb6 39. Bf1
Kc5 40. Kxa2 Kd4 41. Kb3 g5 42. Bb5 gxf4 43. gxf4 Ke4 44. Kc4 Kxf4 45. Kd4 Kf5
46. Bd3+ Kg5 47. Ke3 h5 48. h4+ Kh6 49. Kf4 f6 50. exf6 e5+ 51. Kf5 1-0